Highest accel cars in ALU - Statistics

General Stats
  • This quiz has been taken 28 times
    19 since last reset
  • The average score is 25 of 58
Answer Stats
Class Hint Answer % Correct
B 85.84 Porsche 911 GT3 RS
83%
C 88.03 Porsche Panamera Turbo S
67%
C 89.55 Ares S1
50%
C 85.72 Artega Scalo Superelletra
50%
S 89.40 Aspark Owl
50%
S 88.49 Automobili Pininfarina Battista
50%
A 89.37 Automobili Pininfarina Battista Edizione Nino Farina
50%
S 89.07 Czinger 21C
50%
S 86.55 Deus Vayanne
50%
S 86.06 Faraday Future FFZero1
50%
S 86.83 Ferrari SF90 Stradale
50%
A 85.73 Ferrari SF90 XX Stradale
50%
B 86.26 Ford GT MK II
50%
A 87.72 Ford Team Fordzilla P1
50%
S 85.70 FV Frangivento Sorpasso GT3
50%
A 89.33 Glickenhaus 007S
50%
D 88.63 Hyundai Ioniq 5 N
50%
S 88.58 Koenigsegg Gemera
50%
B 85.88 Lamborghini Huracán STO
50%
B 88.49 Lamborghini Invencible
50%
B 86.36 Lamborghini Revuelto
50%
B 85.38 Lamborghini SC63
50%
B 87.26 Lamborghini Temerario
50%
A 88.43 Lexus BEV Concept Car
50%
B 87.44 Lotus E-R9
50%
B 89.30 McLaren Solus GT
50%
A 90.52 McMurtry Spéirling
50%
S 87.55 Nissan GT-R Neon Edition
50%
A 90.03 Peugeot 9x8
50%
S 90.64 Raesr Tartarus
50%
S 87.71 Rimac Nevera
50%
S 89.13 Rimac Nevera Time Attack
50%
A 85.53 TechRules AT96 Track Version
50%
B 85.64 Toyota GR Super Sport Concept
50%
S 86.00 Tushek TS 900 Racer Pro
50%
D 88.50 Volkwagen Electric R
50%
B 85.46 Apollo Evo
33%
C 87.51 ATS Automobili Corsa RRTurbo
33%
S 86.51 Bugatti Centodieci
33%
S 87.01 Bugatti Chiron Pur Sport
33%
S 85.70 Bugatti Divo
33%
D 86.03 DS Automobiles DS E-Tense Performance
33%
B 87.26 Ford GT MK IV
33%
C 87.43 Formula E Gen 2 Asphalt Edition
33%
B 85.10 Lamborghini Essenza SCV12
33%
B 87.26 Lamborghini Sesto Elemento
33%
B 86.11 McLaren 600LT Spider
33%
A 87.04 McLaren Sabre
33%
S 85.79 Naran Hyper Coupe
33%
C 87.92 Porsche Mission R
33%
D 87.80 Praga R1
33%
A 86.34 Rimac Concept_One
33%
A 86.24 Vanda Electrics Dendrobium
33%
B 85.38 Zenvo TSR-S
33%
C 85.42 Donkervoort D8 GTO Individual Series
17%
B 90.29 Formula E Gen 3 Evo Championship Edition
17%
B 86.45 Kepler Motion
17%
B 86.36 Nissan GTR-50 Italdesign
17%
No matching quizzes found
Score Distribution
Percent of People with Each Score
Percentile by Number Answered
Your Score History
You have not taken this quiz since the last reset